Clean-up snub for farmers (Record no. 67826)

MARC details
000 -LEADER
fixed length control field 01074cam a2200265 4500
001 - CONTROL NUMBER
control field WB3730-34
008 - FIXED-LENGTH DATA ELEMENTS--GENERAL INFORMATION
fixed length control field 010731n2001 000 0 eng u
035 ## - SYSTEM CONTROL NUMBER
System control number (Sirsi) u113846
245 ## - TITLE STATEMENT
Title Clean-up snub for farmers
260 ## - PUBLICATION, DISTRIBUTION, ETC.
Date of publication, distribution, etc. 2001
490 ## - SERIES STATEMENT
Series statement Farmers' Weekly
Volume/sequential designation 135(4) 27 July 2001, 6
490 ## - SERIES STATEMENT
Series statement Financial Times
Volume/sequential designation 31 July 2001, 1
490 ## - SERIES STATEMENT
Series statement Financial Times
Volume/sequential designation 1 August 2001, 4 (3)
520 ## - SUMMARY, ETC.
Summary, etc. Government's decision not to fund the cleaning and disinfecting of farms affected by FMD may drive many more farmers than expected out of business. Government has estimated the cost of FMD at £2.28bn and has taken measures to reduce this figure; including cutting compensation payments for culled animals. There is also a rumour of public inquiry into the outbreak.
590 ## - LOCAL NOTE (RLIN)
Local note WB
650 ## - SUBJECT ADDED ENTRY--TOPICAL TERM
Topical term or geographic name entry element FOOT-AND-MOUTH DISEASE
650 ## - SUBJECT ADDED ENTRY--TOPICAL TERM
Topical term or geographic name entry element RURAL ECONOMY
650 ## - SUBJECT ADDED ENTRY--TOPICAL TERM
Topical term or geographic name entry element COMPENSATION
650 ## - SUBJECT ADDED ENTRY--TOPICAL TERM
Topical term or geographic name entry element GOVERNMENT POLICY
650 ## - SUBJECT ADDED ENTRY--TOPICAL TERM
Topical term or geographic name entry element CULLING
650 ## - SUBJECT ADDED ENTRY--TOPICAL TERM
Topical term or geographic name entry element LIVESTOCK FARMING
650 ## - SUBJECT ADDED ENTRY--TOPICAL TERM
Topical term or geographic name entry element PUBLIC INQUIRY
690 ## - LOCAL SUBJECT ADDED ENTRY--TOPICAL TERM (OCLC, RLIN)
Topical term or geographic name as entry element RURAL-AGRICULTURE AND FORESTRY
942 ## - ADDED ENTRY ELEMENTS (KOHA)
Suppress in OPAC 0
Holdings
Withdrawn status Lost status Source of classification or shelving scheme Damaged status Not for loan Home library Current library Shelving location Date acquired Total Checkouts Full call number Barcode Date last seen Copy number Price effective from Koha item type
    Dewey Decimal Classification     London London News article 31/07/2001   WB3730-34 113846-1001 06/08/2019 1 06/08/2019 News article